[Event "5MCR_4D_1L_3S"]
[Site "?"]
[Date "2002.??.??"]
[Round "?"]
[White "Polak, Petr"]
[Black "Postupa, Pavel"]
[Result "1-0"]
[WhiteElo "2050"]
[BlackElo "1920"]
[PlyCount "79"]
[EventDate "2002.??.??"]
[EventType "corr"]
[SourceDate "2004.??.??"]

1. e4 e6 2. d4 d5 3. Nc3 Nf6 4. Bg5 Be7 5. e5 Nfd7 6. Bxe7 Qxe7 7. f4 O-O 8.
Nf3 c5 9. Qd2 Nc6 10. dxc5 Qxc5 11. O-O-O Nb6 12. Kb1 Bd7 13. Bd3 f6 14. exf6
Rxf6 15. Rhe1 a5 16. Ng5 h6 17. Nf3 Nc4 18. Bxc4 Qxc4 19. g3 Be8 20. Ne5 Nxe5
21. Rxe5 b5 22. Qe2 Qc6 23. Re1 Bd7 24. Qd3 b4 25. Ne2 a4 26. Nd4 Qd6 27. c3
Rc8 28. cxb4 Qxb4 29. a3 Qb6 30. Qe3 Rb8 31. Re2 Re8 32. f5 Kf7 33. g4 g5 34.
Ka1 Qc5 35. fxe6+ Bxe6 36. Rf2 Qc8 37. Rxf6+ Kxf6 38. h4 Kf7 39. hxg5 Bd7 40.
Qf3+ 1-0

[Event "5MCR_4D_1L_3S"]
[Site "?"]
[Date "2002.??.??"]
[Round "?"]
[White "Polak, Petr"]
[Black "Sykora, Josef"]
[Result "1/2-1/2"]
[WhiteElo "2050"]
[BlackElo "2355"]
[PlyCount "81"]
[EventDate "2002.??.??"]
[EventType "corr"]
[SourceDate "2004.??.??"]

1. e4 c6 2. d4 d5 3. Nc3 dxe4 4. Nxe4 Nd7 5. Bc4 Ngf6 6. Ng5 e6 7. Qe2 Nb6 8.
Bd3 h6 9. N5f3 c5 10. dxc5 Bxc5 11. Ne5 Nbd7 12. Ngf3 Qc7 13. O-O O-O 14. Bf4
Bd6 15. Rfe1 Nc5 16. Rad1 b6 17. Bb5 Nd5 18. Bg3 Bb7 19. Nd4 a6 20. Bc6 Bxc6
21. Ndxc6 b5 22. Nd4 Nd7 23. Nxd7 Qxd7 24. Bxd6 Qxd6 25. Rd2 Rfd8 26. Red1 b4
27. Nf3 Qc7 28. h3 a5 29. Ne5 a4 30. a3 bxa3 31. bxa3 Rdc8 32. Re1 Ra5 33. c4
Nb6 34. f4 Re8 35. Rd4 f6 36. Nd3 Nd7 37. Kh1 e5 38. Qg4 Re7 39. Nb4 Rf7 40.
fxe5 Nxe5 41. Qg3 1/2-1/2

[Event "5MCR_4D_1L_3S"]
[Site "?"]
[Date "2002.??.??"]
[Round "?"]
[White "Polak, Petr"]
[Black "Travnik, Petr"]
[Result "1/2-1/2"]
[WhiteElo "2050"]
[BlackElo "2305"]
[PlyCount "33"]
[EventDate "2002.??.??"]
[EventType "corr"]
[SourceDate "2004.??.??"]

1. e4 d6 2. d4 g6 3. Nc3 Bg7 4. f4 c6 5. Nf3 Bg4 6. Be3 d5 7. Be2 dxe4 8. Nxe4
Nf6 9. Nxf6+ exf6 10. h3 Be6 11. Qd2 Nd7 12. O-O O-O 13. Rae1 Nb6 14. b3 Nd5
15. Bf2 Qd6 16. Bg3 Qb4 17. Qc1 1/2-1/2

[Event "5MCR_4D_1L_3S"]
[Site "?"]
[Date "2002.??.??"]
[Round "?"]
[White "Postupa, Pavel"]
[Black "Krouzel, Jaroslav"]
[Result "1/2-1/2"]
[WhiteElo "1920"]
[BlackElo "2360"]
[PlyCount "103"]
[EventDate "2002.??.??"]
[EventType "corr"]
[SourceDate "2004.??.??"]

1. e4 e6 2. d4 d5 3. Nc3 Bb4 4. e5 c5 5. a3 Bxc3+ 6. bxc3 Ne7 7. h4 Nbc6 8. h5
h6 9. Nf3 Bd7 10. Bd3 Qa5 11. Bd2 c4 12. Bf1 O-O-O 13. g3 f6 14. Qe2 Qc7 15.
Bh3 f5 16. g4 fxg4 17. Bxg4 Rdg8 18. Nh4 Qb6 19. Be3 Kb8 20. Kd2 Nd8 21. Rag1
Be8 22. Qf1 Qa5 23. Qh3 Bd7 24. f4 Rf8 25. Rf1 Rf7 26. f5 exf5 27. Nxf5 Nxf5
28. Bxf5 Bxf5 29. Rxf5 Re7 30. e6 Nxe6 31. Re5 Qb6 32. Re1 Rf8 33. Rxe6 Rxe6
34. Bf4+ Rxf4 35. Rxe6 Qd8 36. Qg3 Qg5 37. Qxg5 hxg5 38. Re5 Rf2+ 39. Kc1 g4
40. Rxd5 g3 41. Rg5 g2 42. Kb2 Rf5 43. Rxg2 Rxh5 44. Rxg7 Rb5+ 45. Ka2 Ra5 46.
Re7 Kc8 47. Re1 Rh5 48. a4 Kc7 49. Re7+ Kc6 50. Re8 Kc7 51. Kb2 a5 52. Re7+
1/2-1/2

[Event "5MCR_4D_1L_3S"]
[Site "?"]
[Date "2002.??.??"]
[Round "?"]
[White "Postupa, Pavel"]
[Black "Lasek, Milos"]
[Result "0-1"]
[WhiteElo "1920"]
[BlackElo "2270"]
[PlyCount "64"]
[EventDate "2002.??.??"]
[EventType "corr"]
[SourceDate "2004.??.??"]

1. e4 c5 2. Nf3 e6 3. d4 cxd4 4. Nxd4 a6 5. c4 Nf6 6. Nc3 Qc7 7. Be2 Bb4 8. Qd3
b6 9. f4 d6 10. Bf3 Bb7 11. Nde2 Nbd7 12. Bd2 Rc8 13. b3 Nc5 14. Qc2 O-O 15.
O-O b5 16. e5 dxe5 17. fxe5 Bxf3 18. exf6 Bxe2 19. Nxe2 Bxd2 20. Qxd2 Ne4 21.
Qd4 Nxf6 22. cxb5 axb5 23. Rfc1 Qb7 24. a4 e5 25. Qb4 Qa7+ 26. Kh1 Qe3 27. Rxc8
Rxc8 28. Qe1 Qxb3 29. axb5 Qxb5 30. Ng3 h6 31. Nf5 Qc5 32. h3 e4 0-1

[Event "5MCR_4D_1L_3S"]
[Site "?"]
[Date "2002.??.??"]
[Round "?"]
[White "Postupa, Pavel"]
[Black "Leiner, Raimund"]
[Result "1/2-1/2"]
[WhiteElo "1920"]
[BlackElo "2290"]
[PlyCount "85"]
[EventDate "2002.??.??"]
[EventType "corr"]
[SourceDate "2004.??.??"]

1. e4 c5 2. Nf3 Nc6 3. d4 cxd4 4. Nxd4 Nf6 5. Nc3 e5 6. Ndb5 d6 7. Bg5 a6 8.
Na3 b5 9. Bxf6 gxf6 10. Nd5 Bg7 11. Bd3 O-O 12. O-O Ne7 13. Qh5 f5 14. Nxe7+
Qxe7 15. exf5 e4 16. f6 Bxf6 17. Rae1 d5 18. Qxd5 Bb7 19. Qf5 Rfe8 20. c3 Rad8
21. Bc2 Rd2 22. Rd1 Red8 23. Rxd2 Rxd2 24. Rd1 Qd6 25. Qg4+ Kf8 26. Nb1 Rxd1+
27. Qxd1 Qf4 28. Qd2 Qe5 29. Qe2 Bg5 30. Nd2 e3 31. Nf1 exf2+ 32. Qxf2 Bd5 33.
Bb3 Bxb3 34. axb3 b4 35. cxb4 Be7 36. Qd2 Qe6 37. Kh1 Qxb3 38. Qc3 Qxc3 39.
bxc3 Bf6 40. c4 Bc3 41. b5 a5 42. b6 a4 43. Ne3 1/2-1/2

[Event "5MCR_4D_1L_3S"]
[Site "?"]
[Date "2002.??.??"]
[Round "?"]
[White "Postupa, Pavel"]
[Black "Rybak, Milan"]
[Result "0-1"]
[WhiteElo "1920"]
[BlackElo "2375"]
[PlyCount "52"]
[EventDate "2002.??.??"]
[EventType "corr"]
[SourceDate "2004.??.??"]

1. e4 e5 2. Nf3 Nc6 3. Bb5 f5 4. Nc3 fxe4 5. Nxe4 Nf6 6. d3 d5 7. Ng3 Bd6 8. c4
O-O 9. cxd5 Nd4 10. Nxd4 exd4 11. Bd2 a6 12. Bc4 Bd7 13. f3 Ng4 14. Ne4 Qh4+
15. Ke2 Rae8 16. Qg1 Ne5 17. Qxd4 Rxf3 18. Kd1 Rxd3 19. Bxd3 Nxd3 20. Qxd3 Rxe4
21. g3 Qg4+ 22. Kc1 Bf5 23. h3 Rc4+ 24. Bc3 Qg5+ 25. Qd2 Qxg3 26. Rf1 Bg6 0-1

[Event "5MCR_4D_1L_3S"]
[Site "?"]
[Date "2002.??.??"]
[Round "?"]
[White "Postupa, Pavel"]
[Black "Vrkoc, David"]
[Result "1/2-1/2"]
[WhiteElo "1920"]
[BlackElo "2355"]
[PlyCount "93"]
[EventDate "2002.??.??"]
[EventType "corr"]
[SourceDate "2004.??.??"]

1. e4 c5 2. Nf3 d6 3. d4 cxd4 4. Nxd4 Nf6 5. Nc3 a6 6. Be3 e5 7. Nb3 Be6 8. Qd2
Nc6 9. f3 h6 10. O-O-O b5 11. g4 Rb8 12. Kb1 Qc7 13. g5 hxg5 14. Bxg5 b4 15.
Nd5 Bxd5 16. exd5 Na5 17. Nxa5 Qxa5 18. h4 Be7 19. Bc4 Nd7 20. Qe2 Bf6 21. f4
Kd8 22. Bxf6+ gxf6 23. h5 Nb6 24. Bb3 Qb5 25. Qf2 a5 26. fxe5 fxe5 27. Qf6+ Kc7
28. Qxf7+ Qd7 29. Qf1 a4 30. Bc4 Rbf8 31. Qe2 Rf4 32. Bb5 Qg4 33. Rh2 a3 34.
Qxg4 Rxg4 35. bxa3 bxa3 36. Kc1 Rb4 37. Bc6 Nc4 38. Rd3 e4 39. Rb3 Rxb3 40.
cxb3 Ne5 41. Ba4 Ng4 42. Rh4 Nf6 43. h6 Nxd5 44. Kd2 Nb4 45. Rxe4 Nxa2 46. Rh4
d5 47. b4 1/2-1/2

[Event "5MCR_4D_1L_3S"]
[Site "?"]
[Date "2002.??.??"]
[Round "?"]
[White "Postupa, Pavel"]
[Black "Zacek, Jiri"]
[Result "1/2-1/2"]
[WhiteElo "1920"]
[BlackElo "2280"]
[PlyCount "73"]
[EventDate "2002.??.??"]
[EventType "corr"]
[SourceDate "2004.??.??"]

1. e4 d5 2. exd5 Qxd5 3. Nc3 Qa5 4. d4 Nf6 5. Nf3 Bf5 6. Ne5 c6 7. Bd2 Nbd7 8.
Nc4 Qc7 9. g3 e6 10. Bf4 Qd8 11. Bd6 Be7 12. Bg2 Nb6 13. Nxb6 axb6 14. Bxe7
Qxe7 15. Qd2 O-O 16. O-O Rfd8 17. Rfd1 Bg6 18. a3 c5 19. d5 Nxd5 20. Bxd5 Qf6
21. Qc1 exd5 22. Nxd5 Rxd5 23. Rxd5 Be4 24. Rd3 Bxd3 25. cxd3 Rd8 26. Qc2 Qe5
27. Rc1 h6 28. b4 Rd5 29. Qc3 Qf5 30. Rd1 Rd4 31. Rd2 Qd5 32. h4 Qd6 33. Kf1
Kh7 34. f4 Qd5 35. Kf2 Kg6 36. Ke3 Kh7 37. Kf2 1/2-1/2

[Event "5MCR_4D_1L_3S"]
[Site "?"]
[Date "2002.??.??"]
[Round "?"]
[White "Postupa, Pavel"]
[Black "Zidu, Jan"]
[Result "1/2-1/2"]
[WhiteElo "1920"]
[BlackElo "2310"]
[PlyCount "64"]
[EventDate "2002.??.??"]
[EventType "corr"]
[SourceDate "2004.??.??"]

1. e4 c5 2. Nf3 d6 3. d4 cxd4 4. Nxd4 Nf6 5. Nc3 a6 6. f4 e5 7. Nf3 Nbd7 8. a4
Be7 9. Bc4 Qa5 10. Bd2 exf4 11. Qe2 O-O 12. Nd5 Qd8 13. Bxf4 Nxd5 14. Bxd5 Nf6
15. Bc4 Re8 16. e5 dxe5 17. Nxe5 Bb4+ 18. c3 Be6 19. cxb4 Qd4 20. Qe3 Qxe3+ 21.
Bxe3 Bd5 22. Nd7 Rxe3+ 23. Kd2 Re4 24. Nxf6+ gxf6 25. Bxd5 Rd8 26. Kc3 Rxd5 27.
Rhe1 Rh4 28. Re7 b5 29. axb5 axb5 30. Raa7 Rc4+ 31. Kb3 Rd3+ 32. Ka2 Rxb4
1/2-1/2

[Event "5MCR_4D_1L_3S"]
[Site "?"]
[Date "2002.??.??"]
[Round "?"]
[White "Rybak, Milan"]
[Black "Grulich, Jiri"]
[Result "1/2-1/2"]
[WhiteElo "2375"]
[BlackElo "2165"]
[PlyCount "41"]
[EventDate "2002.??.??"]
[EventType "corr"]
[SourceDate "2004.??.??"]

1. e4 e6 2. d4 d5 3. Nd2 c5 4. Ngf3 cxd4 5. Nxd4 Nf6 6. e5 Nfd7 7. N2f3 Nc6 8.
Nxc6 bxc6 9. Bd3 Ba6 10. O-O Bxd3 11. cxd3 Be7 12. Qa4 Qc7 13. Re1 O-O 14. Qg4
Rfc8 15. h4 Rab8 16. h5 Bf8 17. h6 g6 18. Qf4 Rb4 19. d4 c5 20. b3 Rb7 21. Bd2
1/2-1/2

[Event "5MCR_4D_1L_3S"]
[Site "?"]
[Date "2002.??.??"]
[Round "?"]
[White "Rybak, Milan"]
[Black "Krouzel, Jaroslav"]
[Result "1-0"]
[WhiteElo "2375"]
[BlackElo "2360"]
[PlyCount "99"]
[EventDate "2002.??.??"]
[EventType "corr"]
[SourceDate "2004.??.??"]

1. e4 e6 2. d4 d5 3. Nd2 Nc6 4. Ngf3 Nf6 5. e5 Nd7 6. Nb3 Be7 7. Bb5 Ncb8 8. h4
h6 9. Rh3 b6 10. h5 Ba6 11. Bxa6 Nxa6 12. Rg3 Bf8 13. Qe2 Qc8 14. Bd2 c5 15. c3
c4 16. Nc1 b5 17. Kf1 Qb7 18. Nh4 Be7 19. Qg4 O-O-O 20. f4 Rdg8 21. Kg1 Qc6 22.
b3 Nc7 23. Rb1 Nb6 24. f5 Bxh4 25. fxe6 Qxe6 26. Qxh4 g5 27. hxg6 fxg6 28. Ne2
g5 29. Qh3 Rf8 30. Bc1 Kb7 31. Qxe6 Nxe6 32. Ba3 Rf7 33. Rf1 Rxf1+ 34. Kxf1 Rh7
35. Rf3 Nd7 36. bxc4 bxc4 37. Ng3 h5 38. Nf5 h4 39. Kg1 Nb6 40. Nd6+ Kc6 41.
Rf6 Kd7 42. Nb7 Nf4 43. Nc5+ Kc7 44. Bb4 h3 45. Ne6+ Nxe6 46. Rxe6 hxg2 47.
Kxg2 Rg7 48. Kg3 Nc8 49. Kg4 Rg8 50. Rf6 1-0

[Event "5MCR_4D_1L_3S"]
[Site "?"]
[Date "2002.??.??"]
[Round "?"]
[White "Rybak, Milan"]
[Black "Leiner, Raimund"]
[Result "0-1"]
[WhiteElo "2375"]
[BlackElo "2290"]
[PlyCount "99"]
[EventDate "2002.??.??"]
[EventType "corr"]
[SourceDate "2004.??.??"]

1. e4 c5 2. c3 d5 3. exd5 Qxd5 4. d4 e6 5. Nf3 Nf6 6. Bd3 Nc6 7. O-O Bd7 8. Re1
cxd4 9. cxd4 Bd6 10. Nc3 Qh5 11. Be2 Qa5 12. Bg5 Nd5 13. Qb3 Nxc3 14. bxc3 Qc7
15. c4 b6 16. Rac1 Rb8 17. Qd3 f6 18. Bd2 O-O 19. c5 bxc5 20. dxc5 Be7 21. Bd1
e5 22. Bc2 g6 23. Bh6 Rfd8 24. Qc4+ Kh8 25. Red1 Rg8 26. Be4 Rb4 27. Rxd7 Qxd7
28. Bxc6 Rxc4 29. Bxd7 Rxc1+ 30. Bxc1 Bxc5 31. Be6 Rd8 32. Bb3 Kg7 33. Kf1 h6
34. Ke2 Rc8 35. Bb2 Rd8 36. Bc3 Rc8 37. Ba5 Rb8 38. Bd2 Rd8 39. h3 h5 40. Bc1
Rc8 41. Bb2 Bb4 42. Nd2 Bc3 43. Ba3 f5 44. Nc4 e4 45. Bc1 Bd4 46. Bf4 Rc5 47.
h4 Kh7 48. Nd2 Bf6 49. Be3 Rc7 50. f3 0-1

[Event "5MCR_4D_1L_3S"]
[Site "?"]
[Date "2002.??.??"]
[Round "?"]
[White "Rybak, Milan"]
[Black "Polak, Petr"]
[Result "1/2-1/2"]
[WhiteElo "2375"]
[BlackElo "2050"]
[PlyCount "46"]
[EventDate "2002.??.??"]
[EventType "corr"]
[SourceDate "2004.??.??"]

1. e4 c5 2. c3 d5 3. exd5 Qxd5 4. d4 Nf6 5. Nf3 Bg4 6. Be2 e6 7. h3 Bh5 8. c4
Qd8 9. O-O cxd4 10. Nxd4 Bxe2 11. Nxe2 Nbd7 12. Nbc3 Be7 13. b3 O-O 14. Bb2 a6
15. Ng3 Qc7 16. Qf3 Rad8 17. Rad1 Ne5 18. Qe2 Ng6 19. Nce4 Nxe4 20. Qxe4 Bc5
21. Qf3 Qf4 22. Qxf4 Nxf4 23. Ne4 Be7 1/2-1/2

[Event "5MCR_4D_1L_3S"]
[Site "?"]
[Date "2002.??.??"]
[Round "?"]
[White "Rybak, Milan"]
[Black "Vrkoc, David"]
[Result "0-1"]
[WhiteElo "2375"]
[BlackElo "2355"]
[PlyCount "30"]
[EventDate "2002.??.??"]
[EventType "corr"]
[SourceDate "2004.??.??"]

1. e4 c5 2. c3 d5 3. exd5 Qxd5 4. d4 Nf6 5. Nf3 Bg4 6. Be2 e6 7. h3 Bh5 8. c4
Qd7 9. g4 Bg6 10. d5 exd5 11. Ne5 Qe7 12. Nxg6 hxg6 13. g5 Ne4 14. cxd5 Nd7 15.
Na3 Nxg5 0-1

[Event "5MCR_4D_1L_3S"]
[Site "?"]
[Date "2002.??.??"]
[Round "?"]
[White "Rybak, Milan"]
[Black "Zacek, Jiri"]
[Result "1-0"]
[WhiteElo "2375"]
[BlackElo "2280"]
[PlyCount "53"]
[EventDate "2002.??.??"]
[EventType "corr"]
[SourceDate "2004.??.??"]

1. e4 d5 2. exd5 Qxd5 3. Nc3 Qa5 4. d4 Nf6 5. Nf3 Bf5 6. Bc4 c6 7. Bd2 e6 8.
Ne5 Bb4 9. Qe2 Nbd7 10. Nxd7 Nxd7 11. O-O O-O 12. a3 Bxc3 13. Bxc3 Qc7 14. g4
Bg6 15. f4 Nf6 16. Rae1 Rad8 17. Qg2 Rfe8 18. Re5 Nd7 19. f5 Nxe5 20. dxe5 exf5
21. gxf5 Bh5 22. Qg5 b5 23. Ba2 Qb6+ 24. Kg2 b4 25. axb4 Qa6 26. e6 f6 27. Bxf6
1-0

[Event "5MCR_4D_1L_3S"]
[Site "?"]
[Date "2002.??.??"]
[Round "?"]
[White "Rybak, Milan"]
[Black "Zidu, Jan"]
[Result "0-1"]
[WhiteElo "2375"]
[BlackElo "2310"]
[PlyCount "68"]
[EventDate "2002.??.??"]
[EventType "corr"]
[SourceDate "2004.??.??"]

1. e4 e5 2. Nf3 Nf6 3. Bc4 Nxe4 4. Nc3 Nxc3 5. dxc3 f6 6. Nh4 g6 7. f4 c6 8. f5
d5 9. fxg6 dxc4 10. Qh5 Kd7 11. g7 Bxg7 12. Qg4+ Kd6 13. Qxg7 Qf8 14. Qg3 Be6
15. Be3 Nd7 16. O-O-O+ Kc7 17. Rhf1 Rg8 18. Qf2 Qf7 19. h3 h5 20. Rd2 Qh7 21.
Rfd1 b6 22. Qf3 Rad8 23. a4 Bd5 24. Rxd5 cxd5 25. Rxd5 Qf7 26. Kb1 Qe6 27. Nf5
Nb8 28. Rxd8 Rxd8 29. Qxh5 Nc6 30. Qg4 Rd7 31. Qf3 Qd5 32. Qf2 Qe4 33. Qf1 Na5
34. g4 Nb3 0-1

[Event "5MCR_4D_1L_3S"]
[Site "?"]
[Date "2002.??.??"]
[Round "?"]
[White "Sykora, Josef"]
[Black "Lasek, Milos"]
[Result "1/2-1/2"]
[WhiteElo "2355"]
[BlackElo "2270"]
[PlyCount "74"]
[EventDate "2002.??.??"]
[EventType "corr"]
[SourceDate "2004.??.??"]

1. c4 c5 2. Nf3 Nf6 3. g3 b6 4. Bg2 Bb7 5. O-O e6 6. Nc3 Be7 7. d4 cxd4 8. Qxd4
d6 9. b3 O-O 10. Rd1 Nbd7 11. e4 Qc8 12. Bb2 a6 13. Qe3 Qc7 14. Rac1 Rac8 15.
Nd4 Rfe8 16. h3 Bf8 17. Qe2 Qb8 18. Re1 g6 19. Rcd1 Bg7 20. Qe3 Nc5 21. Re2 d5
22. e5 Nfe4 23. Nxe4 dxe4 24. f4 exf3 25. Nxf3 Red8 26. Rd4 Qc7 27. Kh2 Rd7 28.
Rxd7 Nxd7 29. Qf4 h6 30. a4 Rd8 31. Bd4 Nc5 32. Qe3 Bxf3 33. Bxf3 Rxd4 34. Qxd4
Nxb3 35. Qd1 Qxc4 36. Rc2 Qxa4 37. Rc3 Qa2+ 1/2-1/2

[Event "5MCR_4D_1L_3S"]
[Site "?"]
[Date "2002.??.??"]
[Round "?"]
[White "Sykora, Josef"]
[Black "Nosek, Jaroslav"]
[Result "1-0"]
[WhiteElo "2355"]
[BlackElo "2285"]
[PlyCount "77"]
[EventDate "2002.??.??"]
[EventType "corr"]
[SourceDate "2004.??.??"]

1. e4 e6 2. d4 d5 3. Nc3 Bb4 4. e5 c5 5. a3 Ba5 6. b4 cxd4 7. Nb5 Bc7 8. f4 Bd7
9. Nxc7+ Qxc7 10. Nf3 a6 11. a4 Ne7 12. Bd3 Nbc6 13. Rb1 Na7 14. b5 axb5 15.
axb5 Qc5 16. Qe2 Nf5 17. Rb3 Nc8 18. Bb2 O-O 19. g4 Ra2 20. Kf2 Rxb2 21. Rxb2
Ne3 22. Qd2 Nxg4+ 23. Kg3 Ne3 24. Qb4 Qxb4 25. Rxb4 f6 26. Re1 Nb6 27. Nxd4
fxe5 28. fxe5 Nbc4 29. Ra4 g5 30. Ra7 Bc8 31. c3 h6 32. h3 Nf5+ 33. Nxf5 exf5
34. Bxc4 dxc4 35. e6 Re8 36. Ra8 Kf8 37. Rb8 Ke7 38. Re5 f4+ 39. Kf2 1-0

[Event "5MCR_4D_1L_3S"]
[Site "?"]
[Date "2002.??.??"]
[Round "?"]
[White "Sykora, Josef"]
[Black "Omelka, Roman"]
[Result "1/2-1/2"]
[WhiteElo "2355"]
[BlackElo "2335"]
[PlyCount "46"]
[EventDate "2002.??.??"]
[EventType "corr"]
[SourceDate "2004.??.??"]

1. e4 e5 2. Nf3 Nc6 3. d4 exd4 4. Nxd4 Bc5 5. Be3 Qf6 6. c3 Nge7 7. Bc4 Ne5 8.
Be2 Qg6 9. O-O d6 10. Kh1 Qxe4 11. Nd2 Qg6 12. Bh5 Qd3 13. Be2 Qg6 14. Nb5 O-O
15. Nxc7 Rb8 16. Nc4 Bh3 17. Rg1 Nxc4 18. Bxc5 dxc5 19. Bxc4 Qb6 20. Nd5 Nxd5
21. Bxd5 Be6 22. Bxe6 Qxe6 23. Re1 Qc6 1/2-1/2

[Event "5MCR_4D_1L_3S"]
[Site "?"]
[Date "2002.??.??"]
[Round "?"]
[White "Sykora, Josef"]
[Black "Postupa, Pavel"]
[Result "1-0"]
[WhiteElo "2355"]
[BlackElo "1920"]
[PlyCount "87"]
[EventDate "2002.??.??"]
[EventType "corr"]
[SourceDate "2004.??.??"]

1. c4 e5 2. Nc3 Nf6 3. Nf3 Nc6 4. g3 Bb4 5. Bg2 O-O 6. O-O e4 7. Ng5 Bxc3 8.
bxc3 Re8 9. f3 exf3 10. Nxf3 d5 11. d4 Ne4 12. Qc2 dxc4 13. Rb1 f5 14. g4 fxg4
15. Ne5 Nd6 16. Nxc6 bxc6 17. e4 Bd7 18. e5 Nc8 19. Qf2 Nb6 20. Qf7+ Kh8 21.
Qh5 Rf8 22. Ba3 Rxf1+ 23. Rxf1 Qg8 24. Qf7 Qxf7 25. Rxf7 Kg8 26. Rxd7 Nxd7 27.
Bxc6 Nb6 28. e6 a5 29. Kf2 Rf8+ 30. Kg2 Rb8 31. Kg3 g6 32. Kxg4 Kg7 33. d5 Rg8
34. Bc5 Nc8 35. Bd4+ Kf8 36. Be5 Nd6 37. Kg5 Rg7 38. a4 Re7 39. Kf4 h6 40. Ke3
g5 41. Kd4 Rh7 42. Kc5 Ke7 43. Bb5 g4 44. Kc6 1-0

[Event "5MCR_4D_1L_3S"]
[Site "?"]
[Date "2002.??.??"]
[Round "?"]
[White "Sykora, Josef"]
[Black "Rybak, Milan"]
[Result "1/2-1/2"]
[WhiteElo "2355"]
[BlackElo "2375"]
[PlyCount "34"]
[EventDate "2002.??.??"]
[EventType "corr"]
[SourceDate "2004.??.??"]

1. e4 e5 2. Nf3 Nc6 3. d4 exd4 4. Nxd4 Qf6 5. Be3 Bc5 6. c3 Nge7 7. Bc4 Ne5 8.
Be2 Qg6 9. O-O d6 10. Kh1 Qxe4 11. Nd2 Qg6 12. Bh5 Qd3 13. Be2 Qg6 14. Bh5 Qd3
15. Be2 Qg6 16. Bh5 Qd3 17. Be2 Qg6 1/2-1/2

[Event "5MCR_4D_1L_3S"]
[Site "?"]
[Date "2002.??.??"]
[Round "?"]
[White "Sykora, Josef"]
[Black "Vrkoc, David"]
[Result "1/2-1/2"]
[WhiteElo "2355"]
[BlackElo "2355"]
[PlyCount "30"]
[EventDate "2002.??.??"]
[EventType "corr"]
[SourceDate "2004.??.??"]

1. e4 c5 2. b3 d6 3. g3 Nc6 4. Bg2 Nf6 5. Bb2 e5 6. Ne2 Be7 7. O-O O-O 8. Nbc3
Nd4 9. Nxd4 cxd4 10. Nd5 Nxd5 11. exd5 Bf5 12. c3 Bf6 13. cxd4 exd4 14. d3 Qd7
15. Re1 Rfe8 1/2-1/2

[Event "5MCR_4D_1L_3S"]
[Site "?"]
[Date "2002.??.??"]
[Round "?"]
[White "Sykora, Josef"]
[Black "Zidu, Jan"]
[Result "1/2-1/2"]
[WhiteElo "2355"]
[BlackElo "2310"]
[PlyCount "45"]
[EventDate "2002.??.??"]
[EventType "corr"]
[SourceDate "2004.??.??"]

1. c4 c6 2. d4 d5 3. Nf3 Nf6 4. Nc3 e6 5. e3 Nbd7 6. Qc2 Bd6 7. Be2 O-O 8. O-O
dxc4 9. Bxc4 a6 10. Rd1 c5 11. dxc5 Bxc5 12. Bd3 Qe7 13. a3 b5 14. b4 Ba7 15.
a4 bxa4 16. Rxa4 Bb7 17. Bxa6 Bxa6 18. Rxa6 Qxb4 19. Ba3 Qb7 20. Bxf8 Qxa6 21.
Be7 Qc6 22. Qd3 h6 23. h3 1/2-1/2

[Event "5MCR_4D_1L_3S"]
[Site "?"]
[Date "2002.??.??"]
[Round "?"]
[White "Travnik, Petr"]
[Black "Lasek, Milos"]
[Result "1/2-1/2"]
[WhiteElo "2305"]
[BlackElo "2270"]
[PlyCount "43"]
[EventDate "2002.??.??"]
[EventType "corr"]
[SourceDate "2004.??.??"]

1. d4 Nf6 2. c4 e6 3. Nf3 b6 4. Nc3 Bb4 5. Qb3 c5 6. Bg5 Bb7 7. e3 O-O 8. Be2
Nc6 9. dxc5 bxc5 10. O-O Bxc3 11. bxc3 Na5 12. Qc2 Qc7 13. Nd2 d6 14. Nb3 Ne4
15. Bh4 f5 16. f3 Nf6 17. Bg3 Rad8 18. Rab1 Ba6 19. Nxa5 Qxa5 20. e4 fxe4 21.
fxe4 Qc7 22. Bd3 1/2-1/2

[Event "5MCR_4D_1L_3S"]
[Site "?"]
[Date "2002.??.??"]
[Round "?"]
[White "Travnik, Petr"]
[Black "Nosek, Jaroslav"]
[Result "1/2-1/2"]
[WhiteElo "2355"]
[BlackElo "2285"]
[PlyCount "45"]
[EventDate "2002.??.??"]
[EventType "corr"]
[SourceDate "2004.??.??"]

1. d4 Nf6 2. c4 e6 3. Nf3 b6 4. a3 c5 5. d5 Ba6 6. Qc2 exd5 7. cxd5 g6 8. Nc3
Bg7 9. g3 O-O 10. Bg2 d6 11. O-O Re8 12. Re1 b5 13. e4 Nbd7 14. Bf4 Qb6 15. e5
dxe5 16. Nxe5 Nxe5 17. Bxe5 Bb7 18. Rad1 a6 19. Re2 Rad8 20. Rde1 Nh5 21. Bxg7
Nxg7 22. Rxe8+ Nxe8 23. Re7 1/2-1/2

[Event "5MCR_4D_1L_3S"]
[Site "?"]
[Date "2002.??.??"]
[Round "?"]
[White "Travnik, Petr"]
[Black "Omelka, Roman"]
[Result "1/2-1/2"]
[WhiteElo "2305"]
[BlackElo "2335"]
[PlyCount "41"]
[EventDate "2002.??.??"]
[EventType "corr"]
[SourceDate "2004.??.??"]

1. d4 Nf6 2. c4 g6 3. Nc3 Bg7 4. e4 d6 5. f3 O-O 6. Be3 c5 7. Nge2 Nc6 8. d5
Ne5 9. Ng3 e6 10. Be2 exd5 11. cxd5 a6 12. a4 Bd7 13. h3 b5 14. f4 Nc4 15. Bxc4
bxc4 16. O-O Rb8 17. Rf2 h5 18. e5 h4 19. Nge4 Nxe4 20. Nxe4 dxe5 21. Bxc5
1/2-1/2

[Event "5MCR_4D_1L_3S"]
[Site "?"]
[Date "2002.??.??"]
[Round "?"]
[White "Travnik, Petr"]
[Black "Postupa, Pavel"]
[Result "0-1"]
[WhiteElo "2305"]
[BlackElo "1920"]
[PlyCount "56"]
[EventDate "2002.??.??"]
[EventType "corr"]
[SourceDate "2004.??.??"]

1. d4 Nf6 2. c4 g6 3. Nc3 Bg7 4. e4 O-O 5. f3 d6 6. Be3 e5 7. d5 Nh5 8. Qd2 f5
9. exf5 gxf5 10. O-O-O Nd7 11. Bd3 Nc5 12. Bc2 a6 13. Nge2 b5 14. Rhg1 bxc4 15.
g4 Nd3+ 16. Bxd3 cxd3 17. gxh5 dxe2 18. Rde1 Kf7 19. Bg5 Bf6 20. Rxe2 Bd7 21.
Reg2 Rg8 22. h6 Rg6 23. h4 Qe7 24. f4 exf4 25. Bxf6 Qxf6 26. Rxg6 hxg6 27. Qxf4
Rh8 28. Rxg6 Qxg6 0-1

[Event "5MCR_4D_1L_3S"]
[Site "?"]
[Date "2002.??.??"]
[Round "?"]
[White "Travnik, Petr"]
[Black "Rybak, Milan"]
[Result "0-1"]
[WhiteElo "2305"]
[BlackElo "2375"]
[PlyCount "60"]
[EventDate "2002.??.??"]
[EventType "corr"]
[SourceDate "2004.??.??"]

1. d4 Nf6 2. c4 e6 3. g3 c5 4. d5 exd5 5. cxd5 b5 6. Bg2 Bb7 7. e4 d6 8. Nf3 g6
9. O-O Bg7 10. e5 dxe5 11. Nxe5 O-O 12. Nc6 Qb6 13. Ne7+ Kh8 14. Nc3 Nbd7 15.
Re1 Rfe8 16. Bg5 h6 17. Bf4 Bf8 18. d6 Bxg2 19. Kxg2 g5 20. Bc1 Bxe7 21. dxe7
b4 22. Na4 Qc6+ 23. Kg1 Ng8 24. b3 Nxe7 25. f4 gxf4 26. Bxf4 Nf5 27. Rc1 Rxe1+
28. Qxe1 Rc8 29. Kf2 Nf6 30. Qd1 Nh4 0-1

[Event "5MCR_4D_1L_3S"]
[Site "?"]
[Date "2002.??.??"]
[Round "?"]
[White "Travnik, Petr"]
[Black "Sykora, Josef"]
[Result "1/2-1/2"]
[WhiteElo "2305"]
[BlackElo "2355"]
[PlyCount "104"]
[EventDate "2002.??.??"]
[EventType "corr"]
[SourceDate "2004.??.??"]

1. d4 Nf6 2. c4 e6 3. g3 d5 4. Bg2 Be7 5. Nf3 O-O 6. O-O dxc4 7. Qc2 a6 8. a4
Bd7 9. Qxc4 Bc6 10. Bg5 Bd5 11. Qc2 Be4 12. Qc1 h6 13. Bxf6 Bxf6 14. Rd1 c6 15.
Nbd2 Bh7 16. a5 Nd7 17. Nc4 Qc7 18. e3 Rfd8 19. Qc3 Be4 20. Ncd2 Bg6 21. Nc4
Bh5 22. Rdc1 Bxf3 23. Bxf3 e5 24. Rd1 exd4 25. exd4 c5 26. Ne3 Qb8 27. Nf5 cxd4
28. Nxd4 Qa7 29. Qe3 Ne5 30. Be2 Qc5 31. Qe4 Rab8 32. Nb3 Qc6 33. Rxd8+ Rxd8
34. Ra4 Qc8 35. Qb1 g6 36. Rb4 Kg7 37. Kg2 Nc6 38. Rc4 Qe6 39. Qc2 Re8 40. Bd3
Rc8 41. Nc5 Qe7 42. Bf1 Kh7 43. Re4 Qc7 44. Rc4 Qe5 45. Qd1 Qe7 46. Qg4 Ra8 47.
Rc2 Nxa5 48. Qb4 Qc7 49. Qe4 Qe5 50. Qxe5 Bxe5 51. b4 Nc6 52. Nxb7 Nxb4 1/2-1/2